Budapeszt - quiz wielokrotnego wyboru - Statystyki

Ogólne statystyki
  • Ten quiz został rozwiązany 908 razy
    905 od ostatniego zresetowania
  • Średni wynik to 7 z 10
Statystyki odpowiedzi
Zagadnienie Odpowiedź % Poprawnych
Która z poniższych rzek przepływa przez Budapeszt? Dunaj
97%
Skąd się wzięła nazwa miasta Budapeszt? Z połączenia miast Buda i Peszt
95%
Jak nazywa się najbardziej znany most, który łączy dwa części Budapesztu? Most Széchenyiego
83%
Która z poniższych rzeczy została po raz pierwszy zaprojektowana w Budapeszcie? Kostka Rubika
77%
Czyim imieniem został nazwany stadion, na którym swoje mecze rozgrywa reprezentacja Węgier w piłkę nożną? Ferenca Puskása
76%
Jakie imperium podbiło Budapeszt w 1526 r. i kontrolowało go przez ponad 150 lat? Imperium Osmańskie
72%
Który z poniższych miliarderów urodził się w Budapeszcie? George Soros
67%
W którym roku odbyło się powstanie węgierskie, które było przeciwko Sowietom? 1956
65%
Kto wyreżyserował film "Grand Budapest Hotel" z 2014 roku? Wes Anderson
45%
Jaki Polak jest znany z pomocy Żydom w Budapeszcie podczas II wojny światowej? Henryk Sławik
35%
Nie znaleziono quizów pasujących do podanych kryteriów
Rozkład punktacji
Procent ludzi z każdym wynikiem
Percentyl według liczby udzielonych odpowiedzi
Twoja historia wyników
Nie rozwiązałeś tego quizu od ostatniego zresetowania